| 000 | 01060nam a22003257a 4500 | ||
|---|---|---|---|
| 003 | CHAP | ||
| 005 | 20220329132932.0 | ||
| 008 | 971013s1979 r 00010 d | ||
| 010 | _a409 | ||
| 011 | _a1381 | ||
| 035 | _a557 | ||
| 040 | _cCHAP | ||
| 090 | _aFolleto 12451 | ||
| 100 | 0 | 0 |
_aMac Lean, Colin. _969326 |
| 245 |
_aRelative density _b: the key to stocking assesment in regional analysis: a forest survey wieu point |
||
| 260 |
_a[s.l.] : _bPacific Notheat Forest and Range Experiment Station, _c1979 |
||
| 300 | _a5 p. | ||
| 490 | _aGeneral Technical report PNW-78 | ||
| 500 | _a36-122 | ||
| 501 | _aEnc. con otros impresos similares | ||
| 590 |
_aBATCH-UPD _b10 _c20130110 _lUCH01 _h0150 |
||
| 590 |
_aBATCH-UPD _b10 _c20130110 _lUCH01 _h2329 |
||
| 590 |
_aBATCH-UPD _b10 _c20130914 _lUCH01 _h1847 |
||
| 590 |
_aCONVERSION _b10 _c20130109 _lUCH01 _h1302 |
||
| 650 | 1 | 4 |
_aÁrboles _xEspaciamiento. _96598 |
| 830 | 0 |
_aGeneral Technical report PNW-78 _947451 |
|
| 901 | _aBK | ||
| 942 | _cFOLL | ||
| 949 |
_aFolleto 12451 _bBC _cFOLL _d-10009 _eTS1 _i557 _si |
||
| 999 |
_c409 _d409 |
||